000 00563nam a2200217 454500
001 039006
003 BD-ChCU
008 Eng
020 _a0673151238
040 _aDLC
_cDLC
_dBD-ChCU
082 0 0 _a157/C692a
100 1 _aColeman, James C.
_bJames N. Butcher, Robert C. Carson
245 1 0 _aAbnormal Psychology and Modern Life
_bx
250 _a6th
260 _aEngland
_bScott, Foresman
_c1980
300 _a14, 702+LXXXVIII
504 _aIncludes
650 0 _aPsychology, Pathology
_bPsychology, Pathology
700 1 _ax
942 _2ddc
_cBK
999 _c39006
_d39006